000
00220nam a22000857a 4500
008
170624b xxu||||| |||| 00| 0 eng d
100
_9
3658
_a
Digest. R
245
_a
Sharks silent hunters of the deep
260
_a
Australia
_c
1989
999
_c
7067
_d
7067